Á lódáil...

The Humen Cycle The Ideal Of human unity War And Self Determination

Sonraí Bibleagrafaíochta
Príomhúdar: Sri Aurobindo
Formáid: Printed Book
Foilsithe: Pondichery; Sri Aurobindo Asramam; 1985
Ábhair:
LEADER 00510nam a22001337a 4500
082 |a 181.145  |b SRI/T 
100 |a Sri Aurobindo  |9 311867 
245 |a The Humen Cycle The Ideal Of human unity War And Self Determination 
260 |a Pondichery;  |b Sri Aurobindo Asramam;  |c 1985 
300 |a 689 
650 |a English; Aurobindo  |9 311139 
942 |c BK 
999 |c 76221  |d 76221 
952 |0 0  |1 0  |4 0  |6 181_145000000000000_SRI_T  |7 0  |8 Arabindo  |9 89507  |a MAL  |b MAL  |d 2017-04-01  |e 39677A  |l 0  |o 181.145 SRI/T  |p MAL039677A  |r 2017-04-01  |t 1  |w 2017-04-01  |y BK